书目信息 |
| 题名: |
科研事业单位内部控制讲解及案例分析
|
|
| 作者: | 张烈侠 , 郝珍 , 邵传鹏 著 | |
| 分册: | ||
| 出版信息: | 长春 吉林科学技术出版社 2021 |
|
| 页数: | 290页 | |
| 开本: | 26cm | |
| 丛书名: | ||
| 单 册: | ||
| 中图分类: | F239.66 , F239.6 | |
| 科图分类: | ||
| 主题词: | 科学研究组织机构--内部审计--中国 | |
| 电子资源: | ||
| ISBN: | 978-7-5578-8919-7 | |
| 000 | 00968nam0 2200253 450 | |
| 001 | 2331669241 | |
| 005 | 20231207084759.96 | |
| 010 | @a978-7-5578-8919-7@dCNY75.00 | |
| 100 | @a20220902d2021 em y0chiy50 ea | |
| 101 | 0 | @achi |
| 102 | @aCN@b220000 | |
| 105 | @ay z 000yy | |
| 200 | 1 | @a科研事业单位内部控制讲解及案例分析@Ake yan shi ye dan wei nei bu kong zhi jiang jie ji an li fen xi@f张烈侠,郝珍,邵传鹏著 |
| 210 | @a长春@c吉林科学技术出版社@d2021 | |
| 215 | @a290页@d26cm | |
| 330 | @a本书主要介绍了《科研事业单位内部控制规范》制定的背景及意义、风险评估和控制方法、单位层面内部控制、业务层面的内部控制、科研事业单位产品研制管理、科研事业单位内控信息化建设、评价与监督等内容。 | |
| 606 | 0 | @a科学研究组织机构@x内部审计@y中国 |
| 690 | @aF239.66@v5 | |
| 690 | @aF239.6@v4 | |
| 701 | 0 | @a张烈侠@Azhang lie xia@4著 |
| 701 | 0 | @a郝珍@Ahao zhen@4著 |
| 701 | 0 | @a邵传鹏@Ashao chuan peng@4著 |
| 801 | 0 | @aCN@b91MARC@c20220920 |
| 905 | @aZUCC@dF239.6@e10 | |
| 科研事业单位内部控制讲解及案例分析/张烈侠,郝珍,邵传鹏著.-长春:吉林科学技术出版社,2021 |
| 290页;26cm |
| ISBN 978-7-5578-8919-7:CNY75.00 |
| 本书主要介绍了《科研事业单位内部控制规范》制定的背景及意义、风险评估和控制方法、单位层面内部控制、业务层面的内部控制、科研事业单位产品研制管理、科研事业单位内控信息化建设、评价与监督等内容。 |
| ● |
| 相关链接 |
|
|
|
正题名:科研事业单位内部控制讲解及案例分析
索取号:F239.6/10
 
预约/预借
| 序号 | 登录号 | 条形码 | 馆藏地/架位号 | 状态 | 备注 |
| 1 | 2001270703 | 2001270703 | 辽宁北方(第一批)/辽宁北方(第一批)/387/ [索取号:F239.6/10] | 在馆 | |
| 2 | 2001270704 | 2001270704 | 辽宁北方(第一批)/辽宁北方(第一批)/387/ [索取号:F239.6/10] | 在馆 | |
| 3 | 2001270705 | 2001270705 | 辽宁北方(第一批)/辽宁北方(第一批)/387/ [索取号:F239.6/10] | 在馆 | |
| 4 | 2001270706 | 2001270706 | 辽宁北方(第一批)/辽宁北方(第一批)/387/ [索取号:F239.6/10] | 在馆 | |
| 5 | 2001270707 | 2001270707 | 辽宁北方(第一批)/辽宁北方(第一批)/387/ [索取号:F239.6/10] | 在馆 | |
| 6 | 2001270708 | 2001270708 | 辽宁北方(第一批)/辽宁北方(第一批)/387/ [索取号:F239.6/10] | 在馆 |